00686nam a2200217 a 450000100100000000500170001000800410002704000250006808200170009310000310011024500420014126000670018330000200025049000170027050400280028750000570031565000290037265000310040165000190043283000170045100004090220250217092805.0130911s1994 dr 000 0 spa d aDO-SdBNPbspacBNPHU a270.82bJ91f1 aJuanes, Benignod1916-200910aFormar para servir /cBenigno Juanes. aSanto Domingo :bRenovación Carismática católica,c1994. a245 p. ;c21cm.1 aTorrentesv6 aBibliografía : p. 245 aGuía para la renovación carismática católica 4aMovimiento carismático 4aRenovación carismática 0aVida cristiana 0aTorrentesn6